Capitais dos países da Copa do Mundo 2026 - Statistics

Estatísticas Gerais
  • Esse quiz foi jogado 102 vezes
  • A pontuação média é 31 de 42
Estatísticas das Respostas
País Capital % Correto
Alemanha Berlim
96%
Argentina Buenos Aires
96%
França Paris
96%
Estados Unidos Washington D.C.
96%
Brasil Brasília
94%
México Cidade do México
94%
Inglaterra Londres
93%
Japão Tóquio
91%
Portugal Lisboa
90%
Espanha Madrid
90%
Países Baixos Amesterdão
88%
Bélgica Bruxelas
87%
Equador Quito
87%
Colômbia Bogotá
86%
Egito Cairo
86%
Uruguai Montevidéu
86%
Paraguai Assunção
84%
Coreia do Sul Seul
84%
Canadá Ottawa
83%
Noruega Oslo
80%
Austrália Camberra
78%
África do Sul Pretória | Cidade do Cabo | Bloemfontein
78%
Croácia Zagreb
78%
Panamá Cidade do Panamá
75%
Catar Doha
75%
Áustria Viena
74%
Arábia Saudita Riade
72%
Suíça Berna
70%
Argélia Argel
65%
Tunísia Tunes
64%
Nova Zelândia Wellington
61%
Haiti Porto Príncipe
57%
Irão Teerã
57%
Cabo Verde Praia
52%
Marrocos Rabat
52%
Senegal Dakar
51%
Gana Accra
49%
Escócia Edimburgo
42%
Jordânia Amã
35%
Costa do Marfim Yamoussoukro
35%
Uzbequistão Tashkent
33%
Curaçau Willemstad
16%
Nenhum quiz correspondente encontrado
Distribuição das Pontuações
Porcentagem de Pessoas com Cada Pontuação
Percentil de Números Respondidos
Sua Pontuação Histórica
Você não jogou esse quiz